Quizzes
Events
Quiz Creation
Community
Videos
Private Events
Remove Ads
Sign In
Join for FREE
Feedback
Dark Mode
Quiz Categories
Sports
Geography
Music
Movies
Television
Just For Fun
Miscellaneous
History
Literature
Language
Science
Gaming
Entertainment
Religion
Holiday
For Kids
Quiz Lab
Recent
Popular Today
Quiz Kudos Today
Editor Picks
Curator Picks
Quizzes by...
Day
Popularity
Type
Ratings
Length
Year
Community
Subscriptions
Recent Discussions
Orange Saloon
Badges
Playlists
Quests
Create
Leaderboards
Showdown
Live 5
Trivia Bingo
Activity
Puzzle Library
Sporcle Events
Private Events
Virtual Trivia
Globe League
Become a Host
Pub Owners
SporcleCon
Opinionation
Our Games
Videos
Blog
Mobile Apps
Partnerships
Remove Ads and Go Orange
Feedback
Gaming
Video Games
Board Games
Card Games
Pokémon
Mario
Nintendo
Minecraft
Console
Toys
Legend of Zelda
Gaming
Video Games
Board Games
Card Games
Pokémon
Mario
Nintendo
Minecraft
Console
Toys
Legend of Zelda
Random Quiz
Search Sporcle
×
Quiz Lab
Quiz Lab
Gaming
State
Type in answers that appear in a list
Type in answers that appear in a list
Classic
Best Score? Go Orange.
Sonic Adventure 2 Chao Animals Stats
Can you name the animals you can raise Chao stats with in Sonic Adventure 2?
By
Leo
5m
21 Questions
994 Plays
994 Plays
994 Plays
Comments
Comments
Give Quiz Kudos
Give Quiz Kudos
-
- Ratings
hide this ad
Replay
Link that replays current quiz
Next Quiz
Link to next quiz in quiz playlist
You Got
0%
They Got
Avg Score
57%
Avg Friend Score
Upgrade to see
Score Distribution
Jump to the score distribution portion of the page
Score
0/21
Timer
05:00
0
Plays Today
Group
Animal
% Correct
Swimming
Seal
76.3%
Mythical
Unicorn
73.6%
Power
Gorilla
73.3%
Mythical
Dragon
71.9%
Ghost
Bat
69.8%
Power
Tiger
69.7%
Swimming
Penguin
66.6%
Running
Cheetah
65.4%
Mythical
Phoenix
64.8%
Running
Rabbit
61.9%
Flying
Peacock
61.4%
Group
Animal
% Correct
Swimming
Otter
56.8%
Power
Bear
56.4%
Ghost
Skeleton Dog
56.3%
Flying
Parrot
55.5%
Random
Skunk
42.5%
Flying
Condor
42.3%
Ghost
Half Fish
39%
Running
Boar
38.5%
Random
Sheep
38.3%
Random
Raccoon
37%
Quiz Playlist
Details
Report
Send in Message
Add To Playlist
Classic:
Type in answers that appear in a list
Last Updated: Feb 16, 2017
Quiz Scoreboard
CHALLENGE
Sign Up to Join the Scoreboard
Show All
Scores
Hide
Comments
May contain spoilers
Recently Published
Presidents Visiting Landmarks
by Hejman
History
7m
An Introduction to Baseball
by treessimontrees
Sports
5m
Movies - When Are They Set?
by FPL_Elf
Movies
5m
More to Explore
Quiz From the Vault
Featured Blog Post
Where Did the Easter Bunny Come From?
hide this ad
You Might Also Like...
Tags
Animal Quiz
State Quiz
Adventure
chao
group
sonic
Sonic the Hedgehog
Today's Top Quizzes in Gaming
Browse Gaming
hide this ad
Today's Top Quizzes in State
Browse State
Top Contributed Quizzes in Gaming
1
5-to-1: Consoles
2
7-to-1: Board Game Piece Blitz
3
5-to-1: Legend of Zelda
4
Destiny 2 exotic weapons by perk icons
5
Ultimate Genshin Impact Logic Puzzle (up to 4.3)
6
Franchise by Action Figure
7
Overwatch Logic Puzzle
8
Who's on the WWE 2K24 Cover?
9
Genshin Impact Logic Puzzle Quiz
10
Windmill: Pokémon
Explore More
Trending Topics
Marvel
Crossword
NBA
Anime
Disney
Kpop
Harry Potter
WWE
Puzzle
Country
Song
NFL
Soccer
The Office
Pokémon
hide this ad
More By:
Leo
Quiz
Plays
Rating
Category
Featured
Created
Kingdom Hearts Series Characters
54,821
4.51
Gaming
Oct 6, 2009
One Piece Devil Fruits
30,950
4.79
Entertainment
Oct 6, 2009
Top 10 Pokémon by Base Stat Total for each Type
8,654
4.85
Gaming
Dec 4, 2011
Kingdom Hearts Series Worlds
7,010
4.48
Gaming
Nov 2, 2009
Pokémon Abilities
4,558
4.71
Gaming
Oct 18, 2011
Go to Creator's Profile
Score Distribution
Quiz Creator Spotlight
Leo
Follow
Send a Message
Quizzes Created
-
Created Quiz Play Count
-
More By This Creator
Popular Quizzes Today
1
Find the US States - No Outlines Minefield
2
Find the Countries of Europe - No Outlines Minefield
3
The Countries of the World
4
Find the US States
5
Popular People in 1961
6
US States
7
Risky Map Clicking: Biggest States A-Z
8
1-10 Letter E Words III
More Gaming Quizzes
Fortnite Battle Royale: Machine Guns
Quiz Lab
Trending Quizzes
Risky Map Clicking: Least Populous States A-Z
1-10 Letter G Words
1-10 Letter F Words
Risky Map Clicking: Next State Alphabetically
Risky Map Clicking: Biggest States A-Z
Recently Updated
Leaping Animals
pecheneg
Reality TV Shows (A-Z)
bhenderson79
Rickey Henderson's Hall of Fame Teammates
pecheneg
Champions League XIs: Arsenal
pecheneg
Quick Pick: Celebrities in WWE's Hall of Fame
aduchscher
A-Z Keypad Blitz II
pecheneg
Multiple Oscar Actors
pecheneg
Mystery Phrase Blitz: Oscar 'Best Actors'
pecheneg
F. Scott Fitzgerald Novels
LTH
Pick 3 Villains
ddd62291
Trending Topics
Kpop
Disney
Marvel
NBA
Anime
Harry Potter
Crossword
Song
Puzzle
Pokémon
The Office
NFL
WWE
Country
Soccer
Your Account Isn't Verified!
In order to create a playlist on Sporcle, you need to verify the email address you used during registration. Go to your
Sporcle Settings
to finish the process.
Report this User
Report this user for behavior that violates our
Community Guidelines
.
Details:
Send Report
Go to the Sporcle.com Mobile Site →
Comments